Web Font File Extensions - Statistics

General Stats
  • This quiz has been taken 2 times
  • The average score is 3 of 5
Answer Stats
Web Font Supported Browsers % Correct
OpenType (OTF) Almost All
100%
TrueType (TTF) Almost All
100%
Web Open Font Format (WOFF) Almost All
50%
Embedded Open Type (EOT) Internet Explorer
0%
Scalable Vector Graphics (SVG) Almost All
0%
No matching quizzes found
Score Distribution
Percent of People with Each Score
Percentile by Number Answered
Your Score History
You have not taken this quiz